LIBRARY & INFORMATION CENTRE, KCAET, TAVANUR

ONLINE PUBLIC ACCESS CATALOGUE (OPAC)

Kempe`s engineers year book for 1963 / (Record no. 8841)

MARC details
000 -LEADER
fixed length control field 00400cam a2200157ua 4500
041 ## - LANGUAGE CODE
Language code of text/sound track or separate title eng
082 ## - DEWEY DECIMAL CLASSIFICATION NUMBER
Classification number 028.7662
Item number PRO/KE
100 ## - MAIN ENTRY--AUTHOR NAME
Personal name Prockter, C E .
245 ## - TITLE STATEMENT
Title Kempe`s engineers year book for 1963 /
250 ## - EDITION STATEMENT
Edition statement 68 /
260 ## - PUBLICATION, DISTRIBUTION, ETC. (IMPRINT)
Place of publication London :
Name of publisher Morgan brothers ltd ,
Year of publication 1963.
300 ## - PHYSICAL DESCRIPTION
Number of Pages 1394 ; .
942 ## - ADDED ENTRY ELEMENTS (KOHA)
Koha item type Books
Holdings
Withdrawn status Lost status Damaged status Home library Current library Date acquired Full call number Accession Number Koha item type
      KAUAET   07/04/2012 028.7662 3931 Books
free website counter